| 000 | 00746nam a22001937a 4500 | ||
|---|---|---|---|
| 008 | 081217t xxu||||| |||| 00| 0 eng d | ||
| 010 | _aENG-92222 | ||
| 020 | _c200.00 | ||
| 035 | _aEN-75755 | ||
| 037 | _bDBAD / PUB | ||
| 040 |
_adpl _bEnglish |
||
| 082 | _a181.46 | ||
| 100 | _aRaghavendran, Tamraparni Subbachar | ||
| 245 |
_aCow's supreme mahimas / _cby Tamraparni Subbachar Raghavendran |
||
| 260 |
_aTiruchanur _bSri Madhva Siddhanta Onnahini Sabha |
||
| 300 |
_axxvi, 438p.: _bcol. photos _c22cm (pbk) |
||
| 942 |
_2ddc _cEN _mRAG _h181.46 |
||
| 999 |
_c19962 _d19962 |
||